Loading...
Materials for Engineering:Concepts and Applications
| Main Author: | |
|---|---|
| Format: | Printed Book |
| Published: |
Amsterdam
Addison-Wesley
1982
|
| Subjects: |
| LEADER | 00525nam a22001577a 4500 | ||
|---|---|---|---|
| 020 | |a 0201080648 | ||
| 082 | |a 620.11 |b VAN | ||
| 100 | |a Van Vlack,Lawrence H. | ||
| 245 | |a Materials for Engineering:Concepts and Applications | ||
| 260 | |a Amsterdam |b Addison-Wesley |c 1982 | ||
| 300 | |a xiv,604 | ||
| 650 | |a Metal Deformation | ||
| 650 | |a Metallic Materials | ||
| 942 | |c BK | ||
| 999 | |c 128792 |d 128788 | ||
| 952 | |0 0 |1 0 |4 0 |6 620_110000000000000_VAN |7 0 |8 NFIC |9 127294 |a SPAP |b SPAP |c GEN |d 2017-08-21 |l 0 |o 620.11 VAN |p SPAP311 |r 2017-08-21 |w 2017-08-21 |y BK | ||